International marketing / (Record no. 19095)
[ view plain ]
| 000 -LEADER | |
|---|---|
| fixed length control field | 00860cam a22002775a 4500 |
| 005 - DATE AND TIME OF LATEST TRANSACTION | |
| control field | 20150813131352.0 |
| 008 - FIXED-LENGTH DATA ELEMENTS--GENERAL INFORMATION | |
| fixed length control field | 150322t2014 xxuao frb 001 0 eng d |
| 020 ## - INTERNATIONAL STANDARD BOOK NUMBER | |
| International Standard Book Number | 9780077151690 |
| 020 ## - INTERNATIONAL STANDARD BOOK NUMBER | |
| International Standard Book Number | 0077151690 |
| 040 ## - CATALOGING SOURCE | |
| Original cataloging agency | EG-ScBUE |
| Language of cataloging | eng |
| Transcribing agency | EG-ScBUE |
| 082 04 - DEWEY DECIMAL CLASSIFICATION NUMBER | |
| Edition number | 22 |
| Classification number | 658.848 |
| Item number | INT |
| 245 00 - TITLE STATEMENT | |
| Title | International marketing / |
| Statement of responsibility, etc | Philip R. Cateora ... [et al.] |
| 250 ## - EDITION STATEMENT | |
| Edition statement | 1st Middle East ed. |
| 260 ## - PUBLICATION, DISTRIBUTION, ETC. (IMPRINT) | |
| Place of publication, distribution, etc | New York, United States : |
| Name of publisher, distributor, etc | McGraw Hill Education, |
| Date of publication, distribution, etc | c.2014. |
| 300 ## - PHYSICAL DESCRIPTION | |
| Extent | xxxiii, 638 p. : |
| Other physical details | ill. (col.) ; |
| Dimensions | 28 cm. |
| 500 ## - GENERAL NOTE | |
| General note | Glossary : p. 602-610. |
| 500 ## - GENERAL NOTE | |
| General note | Index: p. 613-638. |
| 504 ## - BIBLIOGRAPHY, ETC. NOTE | |
| Bibliography, etc | Bibliography: 611-612. |
| 590 ## - LOCAL NOTE (RLIN) | |
| Local note | Mohamed Hussein |
| 650 #0 - SUBJECT ADDED ENTRY--TOPICAL TERM | |
| Topical term or geographic name as entry element | Export marketing |
| Source of heading or term | BUEsh |
| 650 #0 - SUBJECT ADDED ENTRY--TOPICAL TERM | |
| Topical term or geographic name as entry element | International business enterprises |
| Source of heading or term | BUEsh |
| 651 ## - SUBJECT ADDED ENTRY--GEOGRAPHIC NAME | |
| Source of heading or term | BUEsh |
| 653 ## - INDEX TERM--UNCONTROLLED | |
| Resource For college | BAEPS, Business Administration |
| Arrived date list | March2015 |
| 655 ## - INDEX TERM--GENRE/FORM | |
| Form subdivision | |
| -- | 33728 |
| 942 ## - ADDED ENTRY ELEMENTS (KOHA) | |
| Source of classification or shelving scheme | Dewey Decimal Classification |
| Withdrawn status | Item status | Source of classification or shelving scheme | Damaged status | Not for loan | Vendor | Home library | Current library | Shelving location | Date acquired | Source of acquisition | Cost, normal purchase price | Total Checkouts | Full call number | Barcode | Date last seen | Cost, replacement price | Koha item type | Total Renewals | Date last borrowed | Checked out |
|---|---|---|---|---|---|---|---|---|---|---|---|---|---|---|---|---|---|---|---|---|
| Dewey Decimal Classification | Baccah | Central Library | Central Library | First floor | 22/03/2015 | 270.00 | 658.848 INT | 000037680 | 15/07/2025 | 338.00 | NB - Book (Non borrowing) | |||||||||
| Dewey Decimal Classification | Baccah | Central Library | Central Library | First floor | 22/03/2015 | 270.00 | 4 | 658.848 INT | 000037681 | 15/07/2025 | 338.00 | Book - Borrowing | 60 | 20/02/2020 | ||||||
| Lost and Paid For | Dewey Decimal Classification | Baccah | Central Library | Central Library | First floor | 22/03/2015 | 1850.00 | 8 | 658.848 INT | 000037687 | 22/02/2018 | 2312.50 | Book - Borrowing | 40 | 22/02/2018 | |||||
| Dewey Decimal Classification | Baccah | Central Library | Central Library | First floor | 22/03/2015 | 270.00 | 8 | 658.848 INT | 000037682 | 15/07/2025 | 338.00 | Book - Borrowing | 67 | 26/02/2020 | ||||||
| Dewey Decimal Classification | Baccah | Central Library | Central Library | First floor | 22/03/2015 | 8 | 658.848 INT | 000037683 | 15/07/2025 | Book - Borrowing | 54 | 02/03/2020 | ||||||||
| Dewey Decimal Classification | Baccah | Central Library | Central Library | First floor | 22/03/2015 | 12 | 658.848 INT | 000037684 | 15/07/2025 | Book - Borrowing | 41 | 09/12/2021 | ||||||||
| Dewey Decimal Classification | Baccah | Central Library | Central Library | First floor | 22/03/2015 | 5 | 658.848 INT | 000037685 | 07/02/2017 | Book - Borrowing | 5 | 07/02/2017 | 01/06/2017 | |||||||
| Dewey Decimal Classification | Baccah | Central Library | Central Library | First floor | 22/03/2015 | 10 | 658.848 INT | 000037686 | 15/07/2025 | Book - Borrowing | 51 | 27/03/2023 | ||||||||
| Lost and Paid For | Dewey Decimal Classification | Baccah | Central Library | Central Library | First floor | 22/03/2015 | Purchase | 3 | 658.848 INT | 000037704 | 01/03/2016 | 475.00 | Book - Borrowing | 25 | 01/03/2016 | |||||
| Dewey Decimal Classification | Baccah | Central Library | Central Library | First floor | 22/03/2015 | 8 | 658.848 INT | 000037705 | 15/07/2025 | Book - Borrowing | 65 | 09/12/2021 |